01693nam a2200397 a 450000500170000000800410001702000150005804100080007324500900008125000660017126000310023730000160026850001290028465300390041365300830045265300680053565300510060365300610065465300520071565300330076765300520080070000250085270000270087770000320090470000390093670000250097570000270100070000270102770000330105470000280108770000310111570000370114670000350118370000410121870000360125920240417101335.0141117t2002||||sp a f |||| 001 0 spa d a8471013797 aspa aRadiología en patología cardiovascular.bSyllabus CNR 2002 /cLluis Donoso i Bach a1a ed.bRevisores Javier Azpeitia Arman ; Julio Castedo Valls aMadrid: bMarbán;c2002. a146 p.bil. aDonoso I Bach, L. et al. (2002). Radiología en patología cardiovascular. Syllabus CNR 2002. (1a ed.). Madrid : Marbán. aTC y RM en la fase aguda del ictus aProcedimientos intervencionistas en el tratamiento del ictus isquémico agudo aTromboembolismo pulmonar: TC helicoidal y ARM 3D con contraste aAngio- RM en patología vascular periférica aDiagnóstico por la imagen en la patología cardíaca aResonancia magnética de las miocardiopatías aRM de la isquemia coronaria aPatología tumoral cardíaca y pericárdiaca1 aDonoso i Bach, Lluis1 aCastro Reyes , Enrique1 aFernández Cuadrado, Jaime1 aFerreirós Domínguez, Joaquín1 aFortea Gil, Fernando1 aGutierrez R., Fernando1 aPalemero da Cruz,Julio1 aRodríguez García, Esther1 aRovira Canellas, Álex1 aSoler Fernández, Rafaela1 aFernández de la Torre, Jesús1 aTorres Sánchez, Maria Isabel1 aHernández Lezana, AntonioeCoedit.1 aAzpeitia Arman, JaviereCoedit.